000 00774nam a2200253Ia 4500
003 OSt
005 20221005081813.0
006 a|||||r|||| 00| 0
007 ta
008 221004b |||||||| |||| 00| 0 eng d
020 _a9780761936640 (hbk)
_c495
024 _a89534
037 _b299, 22/02/2008, Bhartiya Sahitya Bhawan
_cTextual
040 _aCRL
_cCRL
_beng
041 _2eng
_aeng
082 _aW:12, P8
100 _aWidmalm Sten
245 0 _aDecentralisation, corruption and social capital
_b From India to the west
260 _aNew Delhi
_bSage India
_c2008
300 _a229p.
_ccm.
650 _aPOLITICAL SCIENCE
942 _hW:12, P8
_cTEXL
_2cc
999 _c988288
_d988288